01428nam a2200241Ia 4500001001100000003001000011008004100021040002500062041001300087100002900100245008500129250001100214260006300225300001200288500026400300501011400564520026400678650002600942942000700968957000600975999004300981952016201024A242-35069IT-CnALBA170116s9999||||xx |||||||||||||| ||und|| aIT-CnALBAcIT-CnALBA aITALIANO aCROISET P. GIOVANNI, SJ. 0aESERCIZI DI PIETÀ. TOMO I. SOPRA TUTTE LE DOMENICHE O FESTE MOBILI DELL'ANNO.  a1a ed. a VENEZIAbBAGLIONI TIPOGRAFIA; EREDI c1794 [1° Ed.:1794] a550 p.  aTRADUZIONE DAL FRANCESE DI CANTURANI S. STORIA DELLA DOMENICA. AVVENTO. VENUTA DEL FIGLIO DI DIO. DIGIUNO PENITENZA ORAZIONE. VITA MONDANA. RIFORMA DI VITA. CONOSCENZA DI GESÙ CRISTO. MEDITAZIONE SULLA VITA E MORTE DI GESÙ. NATALE. SALVEZZA DI CRISTO. EPI aSocietà San Paolo EM - Piazza San Paolo, 14 - 12051 ALBA (CN) (non commercial uses only) ® Copyright 2017 aTRADUZIONE DAL FRANCESE DI CANTURANI S. STORIA DELLA DOMENICA. AVVENTO. VENUTA DEL FIGLIO DI DIO. DIGIUNO PENITENZA ORAZIONE. VITA MONDANA. RIFORMA DI VITA. CONOSCENZA DI GESÙ CRISTO. MEDITAZIONE SULLA VITA E MORTE DI GESÙ. NATALE. SALVEZZA DI CRISTO. EPI aMEDITAZIONI PREGHIERE cBK 71 a39837bSI g Copie: 1 c293900d293900 0010406A_2423506971aALBAbALBAd2017-01-16l0oA242-35069r2017-01-16 00:00:00w2017-01-16yBKz(data import: 16 gennaio 2017) - By Epidotti, Vaglietti.